| 000 | 01114nam a2200277 a 4500 | ||
|---|---|---|---|
| 001 | 000025034 | ||
| 003 | OSt | ||
| 005 | 20240508073816.0 | ||
| 008 | 100407s1945 dr b 000 0 spa d | ||
| 040 |
_aDO-SdBNP _bspa _cBNPHU |
||
| 049 | _aBNPD | ||
| 082 |
_aBNPHU 972.9365 _bR696s |
||
| 100 | 1 |
_aRodríguez Demorizi, Emilio, _d1908-1986 _91039 |
|
| 245 | 1 | 0 |
_aSamaná : _bpasado y porvenir / _cEmilio Rodríguez Demorizi. |
| 260 |
_aCiudad Trujillo, República Dominicana : _bMontalvo, _c1945. |
||
| 300 |
_a261 p. : _bmapa ; _c23 cm. |
||
| 490 | 1 |
_aArchivo General de la Nación _v3 |
|
| 500 | _aIncluye índice de personas, lugares y materias. | ||
| 500 | _aIncluye notas al pie de páginas. | ||
| 650 | 4 |
_aCiudades y pueblos _zRepública Dominicana _9784 |
|
| 651 | 4 |
_aSanta Bárbara de Samaná (República Dominicana) _xHistoria local _913085 |
|
| 651 | 4 |
_aSanta Bárbara de Samaná (República Dominicana) _xVida social y costumbres _935171 |
|
| 651 | 4 |
_aSanta Bárbara de Samaná (República Dominicana) _xDescripciones y viajes _938790 |
|
| 910 | _aValidado. Control de calidad BNPHU | ||
| 942 |
_2ddc _cLBS1 |
||
| 999 |
_c24527 _d24527 |
||